Las prácticas educativas ante las dificultades del lenguaje : (Registro nro. 11362)
[ vista simple ]
| 000 -LEADER | |
|---|---|
| fixed length control field | 01002nam a22002537a 4500 |
| 001 - CONTROL NUMBER | |
| control field | 000492 |
| 003 - CONTROL NUMBER IDENTIFIER | |
| control field | DO-SdBNP |
| 005 - DATE AND TIME OF LATEST TRANSACTION | |
| control field | 20160914105401.0 |
| 007 - PHYSICAL DESCRIPTION FIXED FIELD--GENERAL INFORMATION | |
| fixed length control field | 000492 |
| 008 - FIXED-LENGTH DATA ELEMENTS--GENERAL INFORMATION | |
| fixed length control field | 160914b 2004 sp ||||| |||| 00| 0 spa d |
| 020 ## - INTERNATIONAL STANDARD BOOK NUMBER | |
| International Standard Book Number | 9788497510196 |
| 040 ## - CATALOGING SOURCE | |
| Original cataloging agency | BPMSU |
| Language of cataloging | spa |
| Transcribing agency | BPMSU |
| 092 ## - LOCALLY ASSIGNED DEWEY CALL NUMBER (OCLC) | |
| Classification number | xxxxx |
| Item number | xxxxx |
| 100 1# - MAIN ENTRY--PERSONAL NAME | |
| Personal name | Acosta Rodríguez, Victor Manuel |
| 245 10 - TITLE STATEMENT | |
| Title | Las prácticas educativas ante las dificultades del lenguaje : |
| Remainder of title | una propuesta desde la acción : la colaboración entre logopedas, psicopedagogos, profesores y padres / |
| Statement of responsibility, etc. | Victor Manuel Acosta Rodríguez ; prólogo Carmen García Pastor. |
| 260 ## - PUBLICATION, DISTRIBUTION, ETC. (IMPRINT) | |
| Place of publication, distribution, etc. | Barcelona : |
| Name of publisher, distributor, etc. | Ars Medina ; Lexus ; |
| -- | Grupo Ars XXI de Comunicación, |
| Date of publication, distribution, etc. | [2003]. |
| 300 ## - PHYSICAL DESCRIPTION | |
| Extent | XX, 244 p. ; |
| Dimensions | 24 cm |
| 490 1# - SERIES STATEMENT | |
| Series statement | Comunicación, lenguaje y logopedia |
| 504 ## - BIBLIOGRAPHY, ETC. NOTE | |
| Bibliography, etc | Bibliografía: p.215-231. |
| 700 1# - ADDED ENTRY--PERSONAL NAME | |
| Personal name | García Pastor, Carmen, |
| Relator term | pról. |
| 830 #0 - SERIES ADDED ENTRY--UNIFORM TITLE | |
| Uniform title | Comunicación, lenguaje y logopedia. |
| 942 ## - ADDED ENTRY ELEMENTS (KOHA) | |
| Source of classification or shelving scheme | Dewey Decimal Classification |
| Koha item type | Libros |
| 956 ## - LOCAL ELECTRONIC LOCATION AND ACCESS (OCLC) | |
| Access method | LOPEREZ |
| Materials specified | 10 |
| Linkage | 20160914 |
| Field link and sequence number | BPMSU |
| Host name | 00041 |
| Withdrawn status | Lost status | Source of classification or shelving scheme | Damaged status | Not for loan | Collection code | Home library | Current library | Date acquired | Total Checkouts | Barcode | Date last seen | Price effective from | Koha item type |
|---|---|---|---|---|---|---|---|---|---|---|---|---|---|
| Dewey Decimal Classification | Biblioteca Pública Metropolitana Salomé Ureña | Biblioteca Pública Metropolitana Salomé Ureña | 09/14/2016 | BPMTE16090251 | 09/14/2016 | 09/14/2016 | Libros |